| 000 | 00533nam a2200205Ia 4500 | ||
|---|---|---|---|
| 003 | OSt | ||
| 005 | 20231005093508.0 | ||
| 008 | 210719s1971 xx 000 0 und d | ||
| 040 | _cAL | ||
| 041 | _aeng | ||
| 082 | _a954.02 LANM | ||
| 100 |
_aLANEPOOLE (Stanley) _9136103 |
||
| 245 | _aMediaeval India under mohammedan rule (A D 712-1764). | ||
| 260 |
_aDelhi. _bA Universal Publication. _c1971 |
||
| 300 |
_a314 _bHB |
||
| 365 |
_b15 _cRs |
||
| 650 |
_aIndian History _9136104 |
||
| 906 | _aMediaeval India | ||
| 942 |
_2ddc _cBK |
||
| 999 |
_c212999 _d212999 |
||